Szczegóły MARC21

Strategie wzrostu produktywności firmy : materiały konferencji naukowej zorganizowanej przez Katedrę Procesu Za rządzania Akademii Ekonomicznej w Krakowie (Zakopane-Kościelisko, 22-2 4 IX 2000 r.) /

005 -DATA I CZAS OSTATNIEJ MODYFIKACJI [,]
    • @
    • pole kontrolne
    • 20070315155141.9
020 -Międzynarod. znormalizowany nr książki - ISBN [ , ]
    • a
    • Numer ISBN
    • 8372520577 Find
040 -Instytucja sporządzająca opis [ , ]
    • a
    • Instytucja, która sporządziła opis (NP)
    • SZCZ U
    • c
    • Instytucja, która sporządziła rekord (NP)
    • SZCZ U
041 -Język dokumentu [0, ]
    • a
    • Język tekstu (P)
    • polski
    • h
    • Język tekstu oryginalnego i/lub pośredniego (P)
    • pol
942 -Rodzaj dokumentu [ , ]
    • c
    • Rodzaj dokumentu
    • Książka
245 -Strefa tytułu i oznaczenia odpowiedzialności [0, ]
    • a
    • Tytuł
    • Strategie wzrostu produktywności firmy : Find
    • b
    • Ciąg dalszy tytułu (NP)
    • materiały konferencji naukowej zorganizowanej przez Katedrę Procesu Za rządzania Akademii Ekonomicznej w Krakowie (Zakopane-Kościelisko, 22-2 4 IX 2000 r.) / Find
    • c
    • Pozostałe elementy strefy tytułu i oznaczenia odpowiedzialności (NP)
    • pod red. Adama Stabryły.
260 -Strefa adresu wydawniczego [ , ]
    • a
    • Miejsce wydania (P)
    • Kraków :
    • b
    • Nazwa wydawcy (P)
    • Wydaw.Akademii Ekonomicznej
    • c
    • Data wydania (P)
    • 2000.
300 -Strefa opisu fizycznego [ , ]
    • a
    • Określenie formy książki i/lub objętość (NP)
    • 635 s. :
    • b
    • Oznaczenie ilustracji (NP)
    • rys., wykr. :
    • c
    • Format (NP)
    • 24 cm.
500 -Uwaga ogólna [ , ]
    • a
    • Uwaga ogólna (NP)
    • Bibliogr. Summ
080 -Uniwersalna Klasyfikacja Dziesiętna [ , ]
    • a
    • Symbol klasyfikacji
    • 658.1/.5.012(061)
980 -Symbol UKD [ , ]
    • a
    • UKD
    • 658.1/.5.012(061)
700 -Hasło dodatkowe - nazwa osobowa [ , ]
    • a
    • Nazwa osobowa (NP)
    • Stabryła Adam Find
920 -ISBN [ , ]
    • a
    • ISBN
    • 83-7252-057-7 Find
Lokalizacja Data inwentaryzacji Numer inwentarzowy Status udost.
BE2002-05-07S.89566-3